000
00369nam a2200145Ia 4500
008
230519s9999 xx 000 0 und d
020
_a
978-81-909385-9-4
041
_a
eng
082
_a
N/613.2/SOH/DB0313
100
_a
Sohi Darshan
245
_a
Nutrition and Dietetics
260
_b
S Vikas and Co
_a
Jalandhar
_c
2012
300
_a
304p
999
_c
159133
_d
159133